[Event "Mecklenburg VP LL (Women) 2021"]
[Site "Mecklenburg VP"]
[Date "2021.08.08"]
[Round "1.2"]
[White "Joers, Pia Milena"]
[Black "Eulitz, Charlotte"]
[Result "1/2-1/2"]
[WhiteElo "1650"]
[BlackElo "1566"]
[PlyCount "45"]
[EventDate "2021.08.08"]
[EventType "team-tourn"]
[EventRounds "4"]
[EventCountry "GER"]
[SourceTitle "EXT 2024"]
[Source "ChessBase"]
[SourceDate "2023.10.10"]
[SourceVersion "1"]
[SourceVersionDate "2023.10.10"]
[SourceQuality "1"]
[WhiteTeam "Guestrow/Teterow (W) III"]
[BlackTeam "Guestrow/Teterow (W) II"]
[WhiteTeamCountry "GER"]
[BlackTeamCountry "GER"]

1. d4 d5 2. Nf3 Nf6 3. Bf4 e6 4. e3 a6 5. Bd3 Nbd7 6. Nbd2 c5 7. c3 Be7 8. 0-0 Nh5 9. Be5 f6 10. Bg3 Nxg3 11. hxg3 b5 12. e4 Bb7 13. Re1 0-0 14. exd5 Bxd5 15. Qc2 Kh8 16. g4 g6 17. c4 bxc4 18. Bxc4 Nb6 19. Bxd5 Qxd5 20. Qe4 cxd4 21. Nxd4 Bb4 22. Qxd5 Nxd5 23. Red1 1/2-1/2

[Event "GER-ch U25-B"]
[Site "Willingen"]
[Date "2018.05.22"]
[Round "4"]
[White "Fuchs, Florian1"]
[Black "Eulitz, Charlotte"]
[Result "1/2-1/2"]
[WhiteElo "1674"]
[BlackElo "1530"]
[PlyCount "65"]
[EventDate "2018.05.19"]
[EventType "swiss"]
[EventRounds "9"]
[EventCountry "GER"]
[SourceTitle "CBM 184 Extra"]
[Source "ChessBase"]
[SourceDate "2018.06.28"]
[SourceVersion "1"]
[SourceVersionDate "2018.06.28"]
[SourceQuality "1"]

1. e4 e5 2. Nf3 Nc6 3. Bc4 Bc5 4. c3 Nf6 5. d3 a6 6. 0-0 d6 7. Bb3 Be6 8. Nbd2 Qd7 9. Re1 Ng4 10. Re2 0-0-0 11. Nf1 f5 12. Bxe6 Qxe6 13. d4 fxe4 14. Ng5 Qd5 15. Rd2 h5 16. dxc5 Qxc5 17. Ne6 Qb6 18. Nxd8 Rxd8 19. h3 Nf6 20. Ne3 Ne7 21. Qb3 Qc6 22. c4 Rf8 23. Nd5 Nf5 24. Re2 Kd7 25. Nxf6+ Rxf6 26. Be3 Rg6 27. Rd1 Nh4 28. g3 Nf3+ 29. Kg2 Ke7 30. c5 Qd7 31. Qd5 Nh4+ 32. Kh2 Nf3+ 33. Kg2 1/2-1/2

[Event "Mecklenburg VP-ch U16"]
[Site "Malchow"]
[Date "2018.02.07"]
[Round "6.6"]
[White "Eulitz, Charlotte"]
[Black "Trams, Emma Joe"]
[Result "1/2-1/2"]
[WhiteElo "1544"]
[BlackElo "1325"]
[PlyCount "171"]
[EventDate "2018.02.07"]
[EventType "swiss"]
[EventRounds "7"]
[EventCountry "GER"]
[SourceTitle "EXT 2022"]
[Source "ChessBase"]
[SourceDate "2021.10.06"]
[SourceVersion "1"]
[SourceVersionDate "2021.10.06"]
[SourceQuality "1"]

1. e4 e5 2. Nf3 Nc6 3. Bc4 Nf6 4. Ng5 d5 5. exd5 Na5 6. Bb5+ c6 7. dxc6 bxc6 8. Qf3 Bb7 9. Ba4 h6 10. Ne4 Be7 11. 0-0 0-0 12. Nxf6+ Bxf6 13. d3 Rc8 14. Nc3 c5 15. Qg3 Kh8 16. Be3 a6 17. Rfd1 Qb6 18. Bb3 Qc6 19. Bd5 Qc7 20. Bxb7 Nxb7 21. Nd5 Qd6 22. Nxf6 Qxf6 23. c3 Nd6 24. Qg4 Rfd8 25. Rd2 c4 26. d4 Nb5 27. Rad1 Re8 28. dxe5 Qxe5 29. h3 Qf6 30. Bd4 Nxd4 31. Rxd4 Qc6 32. Qd7 Qxd7 33. Rxd7 Re2 34. R7d2 Rxd2 35. Rxd2 Rc6 36. Kf1 Kg8 37. Ke1 Kf8 38. Re2 Rd6 39. Rd2 Re6+ 40. Kd1 Rc6 41. Re2 Rg6 42. g3 Rg5 43. g4 Ra5 44. b4 cxb3 45. axb3 Ra3 46. Kc2 Ra2+ 47. Kd3 Ra5 48. Kc4 Rb5 49. f4 g6 50. Re5 Rb6 51. b4 Rc6+ 52. Kb3 Rd6 53. Re3 Rf6 54. Re4 Rd6 55. Kc2 Rb6 56. Kd3 Rd6+ 57. Ke2 Rb6 58. Kf3 f6 59. f5 gxf5 60. gxf5 Rb5 61. Kf4 a5 62. bxa5 Rxa5 63. Rc4 Ke7 64. Re4+ Kf7 65. Rc4 Ke7 66. Rc7+ Ke8 67. c4 Ra4 68. Ke4 Ra3 69. Kd5 Rxh3 70. Ke6 Re3+ 71. Kxf6 h5 72. Kg5 Rh3 73. f6 Rf3 74. Rc5 h4 75. Kxh4 Rxf6 76. Kg5 Rd6 77. Kf5 Kd7 78. Ke5 Rc6 79. Rd5+ Kc7 80. Kd4 Rd6 81. Kc5 Rxd5+ 82. cxd5 Kd7 83. d6 Kd8 84. Kc6 Kc8 85. d7+ Kd8 86. Kd6 1/2-1/2

[Event "Mecklenburg VP-ch U16"]
[Site "Malchow"]
[Date "2018.02.07"]
[Round "7.7"]
[White "Tratzki, Mark Ulrich"]
[Black "Eulitz, Charlotte"]
[Result "1/2-1/2"]
[WhiteElo "920"]
[BlackElo "1544"]
[PlyCount "108"]
[EventDate "2018.02.07"]
[EventType "swiss"]
[EventRounds "7"]
[EventCountry "GER"]
[SourceTitle "EXT 2022"]
[Source "ChessBase"]
[SourceDate "2021.10.06"]
[SourceVersion "1"]
[SourceVersionDate "2021.10.06"]
[SourceQuality "1"]

1. d4 d5 2. c4 e6 3. Nc3 Nf6 4. Bg5 Be7 5. Nf3 Nbd7 6. e3 0-0 7. a3 b6 8. cxd5 Nxd5 9. Nxd5 exd5 10. Bf4 Bb7 11. Be2 c5 12. 0-0 cxd4 13. exd4 Bf6 14. Re1 Re8 15. Bb5 a6 16. Bxd7 Qxd7 17. Ne5 Qf5 18. Qd2 Rac8 19. Rac1 Be7 20. Re2 Rxc1+ 21. Qxc1 Rc8 22. Qe3 Bf8 23. h3 Re8 24. Qf3 Bd6 25. Kf1 Qb1+ 26. Re1 Qxb2 27. Nd3 Rxe1+ 28. Kxe1 Qxa3 29. Bxd6 Qxd6 30. Ne5 Qe7 31. Kf1 f6 32. Nd3 Qe4 33. Qg3 Qe7 34. h4 Kf7 35. Qf3 Ke8 36. Nf4 Qd7 37. Qh5+ g6 38. Qe2+ Kf7 39. Qf3 Qb5+ 40. Kg1 Qc6 41. g4 Qc1+ 42. Kg2 Qd2 43. Nd3 a5 44. Qg3 Ke6 45. Qc7 Qxd3 46. Qxb6+ Kd7 47. Qxb7+ Ke6 48. Qc6+ Ke7 49. Qc7+ Ke6 50. Qc6+ Ke7 51. Qc7+ Kf8 52. Qd6+ Ke8 53. Qb8+ Kd7 54. Qb7+ Kd6 1/2-1/2

[Event "Mecklenburg VP-ch Youth"]
[Site "Malchow"]
[Date "2017.02.16"]
[Round "2.7"]
[White "Eulitz, Charlotte"]
[Black "Brockmann, Ole"]
[Result "1-0"]
[WhiteElo "1492"]
[BlackElo "1120"]
[PlyCount "36"]
[EventDate "2017.02.08"]
[EventType "swiss"]
[EventRounds "7"]
[EventCountry "GER"]
[SourceTitle "EXT 2022"]
[Source "ChessBase"]
[SourceDate "2021.10.06"]
[SourceVersion "1"]
[SourceVersionDate "2021.10.06"]
[SourceQuality "1"]

1. e4 e5 2. Nf3 Nc6 3. Bc4 Nf6 4. Ng5 Qe7 5. Bxf7+ Kd8 6. Bb3 Ke8 7. d3 Qb4+ 8. c3 Qb6 9. Be3 Bc5 10. Bxc5 Qxc5 11. 0-0 d5 12. exd5 Nxd5 13. Bxd5 Qxd5 14. Re1 h6 15. Ne4 g6 16. Nf6+ Kd8 17. Nxd5 g5 18. Qf3 Ke8 1-0

[Event "Mecklenburg VP-ch Youth"]
[Site "Malchow"]
[Date "2017.02.16"]
[Round "4.9"]
[White "Eulitz, Charlotte"]
[Black "Mueller, Sophie Charlotte"]
[Result "1-0"]
[WhiteElo "1492"]
[BlackElo "1094"]
[PlyCount "69"]
[EventDate "2017.02.08"]
[EventType "swiss"]
[EventRounds "7"]
[EventCountry "GER"]
[SourceTitle "EXT 2022"]
[Source "ChessBase"]
[SourceDate "2021.10.06"]
[SourceVersion "1"]
[SourceVersionDate "2021.10.06"]
[SourceQuality "1"]

1. e4 e5 2. Nf3 Nc6 3. Bc4 f5 4. exf5 Nf6 5. d3 h6 6. 0-0 a6 7. Re1 d5 8. Bb3 Qd6 9. Bf4 Kd8 10. Bxe5 Nxe5 11. Nxe5 Be6 12. fxe6 Qxe6 13. Ng6 Qd7 14. Nxh8 Bc5 15. d4 Bd6 16. Ng6 Qf5 17. Ne5 Qf4 18. g3 Qf5 19. Nf7+ Kd7 20. Nxd6 Kxd6 21. Qd2 Nh5 22. Re5 Qg4 23. Rxd5+ Ke7 24. Qb4+ Kf6 25. Re5 Kg6 26. c3 Nf4 27. Bc2+ Kf7 28. Rf5+ Kg8 29. Rxf4 Qh3 30. Qc4+ Kh8 31. Qd3 g6 32. Qxg6 Qd7 33. Qxh6+ Kg8 34. Bb3+ Qf7 35. Bxf7# 1-0

[Event "Mecklenburg VP-ch Youth"]
[Site "Malchow"]
[Date "2017.02.16"]
[Round "1.3"]
[White "Pfennigschmidt, Lennart Ivo"]
[Black "Eulitz, Charlotte"]
[Result "1-0"]
[WhiteElo "1144"]
[BlackElo "1492"]
[PlyCount "115"]
[EventDate "2017.02.08"]
[EventType "swiss"]
[EventRounds "7"]
[EventCountry "GER"]
[SourceTitle "EXT 2022"]
[Source "ChessBase"]
[SourceDate "2021.10.06"]
[SourceVersion "1"]
[SourceVersionDate "2021.10.06"]
[SourceQuality "1"]

1. e4 e5 2. Nf3 Nc6 3. Bc4 Bc5 4. c3 Nf6 5. d4 exd4 6. cxd4 Bb4+ 7. Bd2 Bxd2+ 8. Nbxd2 d5 9. Bb5 dxe4 10. Qe2 0-0 11. Bxc6 exf3 12. Bxf3 Qxd4 13. Ne4 Qb4+ 14. Qd2 Qxd2+ 15. Kxd2 Rd8+ 16. Kc3 Nxe4+ 17. Bxe4 c6 18. Rad1 Be6 19. Rhe1 h6 20. f4 Bg4 21. Rxd8+ Rxd8 22. f5 f6 23. Bd3 Kf8 24. h3 Bh5 25. Kd2 Bf7 26. b3 c5 27. Ke3 Bd5 28. g3 Bg2 29. Rg1 Re8+ 30. Kf4 Bd5 31. h4 Re5 32. g4 Re7 33. g5 fxg5+ 34. hxg5 hxg5+ 35. Rxg5 Rf7 36. Ke5 Bc6 37. Bc4 Rf6 38. Be6 b6 39. Rh5 Ke7 40. Rh7 Kf8 41. Kd6 g5 42. Rh8+ Kg7 43. Rg8+ Kh7 44. Kxc6 Kh6 45. Kd6 Kh5 46. Ke7 Rh6 47. f6 Rh7+ 48. Rg7 Rh8 49. f7 g4 50. Bxg4+ Kh6 51. f8Q Rxf8 52. Kxf8 c4 53. bxc4 b5 54. cxb5 a6 55. Kf7 axb5 56. Kf6 b4 57. Bf5 b3 58. Rh7# 1-0

[Event "GER-chT Lands U20"]
[Site "Hannover"]
[Date "2016.10.05"]
[Round "7.7"]
[White "Eulitz, Charlotte"]
[Black "Hartmann, Cora"]
[Result "1-0"]
[WhiteElo "1453"]
[BlackElo "1778"]
[PlyCount "103"]
[EventDate "2016.10.01"]
[EventType "team-swiss"]
[EventRounds "7"]
[EventCountry "GER"]
[SourceTitle "CBM 174 Extra"]
[Source "ChessBase"]
[SourceDate "2016.10.10"]
[SourceVersion "1"]
[SourceVersionDate "2016.10.10"]
[SourceQuality "1"]
[WhiteTeam "Mecklenburg Vorpommern"]
[BlackTeam "Baden"]
[WhiteTeamCountry "GER"]
[BlackTeamCountry "GER"]

1. e4 e5 2. Nf3 Nc6 3. Bc4 Bc5 4. c3 Nf6 5. d4 exd4 6. e5 d5 7. Bb5 Ne4 8. cxd4 Bb4+ 9. Bd2 Nxd2 10. Nbxd2 Bd7 11. Qa4 0-0 12. 0-0 Be7 13. Rac1 a6 14. Bxc6 Bxc6 15. Qc2 Rc8 16. Rfe1 Bb4 17. a3 Ba5 18. Re3 Bb6 19. Rc3 f6 20. Qd3 Bb5 21. Qe3 Re8 22. b4 Qd7 23. Qf4 Rf8 24. Qe3 Rce8 25. Re1 Qg4 26. h3 Qf5 27. Nh4 Qh5 28. Nhf3 Re6 29. Nb3 Re7 30. Nc5 Rfe8 31. Qd2 Bc6 32. Nxa6 fxe5 33. dxe5 d4 34. Nxd4 Rd8 35. Nc5 Qh4 36. Qa2+ Bd5 37. Nf3 Qh5 38. Qb2 Rf8 39. Qe2 Ref7 40. Nd4 Qh4 41. Nf3 Bxf3 42. Rxf3 Rxf3 43. gxf3 Qxh3 44. e6 c6 45. e7 Re8 46. Qc4+ Kh8 47. Qf7 Qc8 48. Nd7 Bxf2+ 49. Kxf2 h6 50. Rg1 Rg8 51. Nf6 Qb8 52. Qxg8+ 1-0

[Event "GER-chT Lands U20"]
[Site "Hannover"]
[Date "2016.10.01"]
[Round "1.7"]
[White "Bui, Ngoc Han Julia"]
[Black "Eulitz, Charlotte"]
[Result "1-0"]
[WhiteElo "1765"]
[BlackElo "1453"]
[PlyCount "131"]
[EventDate "2016.10.01"]
[EventType "team-swiss"]
[EventRounds "7"]
[EventCountry "GER"]
[SourceTitle "CBM 174 Extra"]
[Source "ChessBase"]
[SourceDate "2016.10.10"]
[SourceVersion "1"]
[SourceVersionDate "2016.10.10"]
[SourceQuality "1"]
[WhiteTeam "Sachsen"]
[BlackTeam "Mecklenburg Vorpommern"]
[WhiteTeamCountry "GER"]
[BlackTeamCountry "GER"]

1. e4 e5 2. Nf3 Nc6 3. Bb5 a6 4. Ba4 Nf6 5. d3 b5 6. Bb3 d6 7. a4 Be6 8. Bxe6 fxe6 9. Ng5 Ke7 10. f4 exf4 11. Bxf4 h6 12. Nf3 g5 13. Be3 Bg7 14. c3 Qd7 15. Qd2 bxa4 16. Rxa4 Ne5 17. Nxe5 Qxa4 18. Ng6+ Kd7 19. Nxh8 Bxh8 20. 0-0 Rg8 21. Na3 Ke7 22. Nc2 Ng4 23. Bf2 Rf8 24. Bg3 Rxf1+ 25. Kxf1 Bg7 26. d4 Qb5+ 27. Qe2 Qxb2 28. Nb4 Qa1+ 29. Qe1 Qa4 30. Qe2 Qa1+ 31. Qe1 Qa4 32. Qe2 Qa1+ 33. Qe1 Ne3+ 34. Kg1 Qd1 35. Bf2 Qxe1+ 36. Bxe1 Kd7 37. Nxa6 Nd1 38. Kf1 Ne3+ 39. Kf2 Nc2 40. Bd2 Na3 41. Ke2 Nc4 42. Be1 Nb6 43. Kd3 Kc6 44. c4 Kb7 45. Nb4 c5 46. Nc2 Ka6 47. d5 exd5 48. exd5 Be5 49. h3 Na4 50. Ne3 h5 51. Kc2 Nb6 52. Kb3 Bf4 53. Nf5 Nd7 54. Ng7 Nf6 55. Bc3 Be5 56. Bxe5 dxe5 57. Ne6 g4 58. Nxc5+ Kb6 59. Nd3 e4 60. Nf4 gxh3 61. gxh3 Kc5 62. Kc3 h4 63. Ne6+ Kd6 64. Kd4 Nd7 65. Kxe4 Nf6+ 66. Kd4 1-0

[Event "GER-ch U14 Girls"]
[Site "Willingen"]
[Date "2016.05.18"]
[Round "6"]
[White "Muedder, Melanie"]
[Black "Eulitz, Charlotte"]
[Result "1-0"]
[WhiteElo "1631"]
[BlackElo "1557"]
[PlyCount "105"]
[EventDate "2016.05.15"]
[EventType "swiss"]
[EventRounds "9"]
[EventCountry "GER"]
[SourceTitle "CBM 172 Extra"]
[Source "ChessBase"]
[SourceDate "2016.06.21"]
[SourceVersion "1"]
[SourceVersionDate "2016.06.21"]
[SourceQuality "1"]

1. e4 e5 2. Nf3 Nc6 3. Bb5 a6 4. Ba4 Nf6 5. d4 exd4 6. 0-0 Be7 7. Re1 b5 8. Bb3 d6 9. Nxd4 Nxd4 10. Qxd4 c5 11. Qd3 c4 12. Bxc4 bxc4 13. Qxc4 0-0 14. Nc3 Be6 15. Qd3 Qd7 16. Bg5 Rfe8 17. Rad1 Ra7 18. Bf4 Rd8 19. Be3 Raa8 20. b3 Ng4 21. Bb6 Rdb8 22. Na4 Qc6 23. Bd4 Ne5 24. Qg3 Bf6 25. f4 Ng6 26. Bxf6 gxf6 27. f5 Qxc2 28. fxe6 Qxa2 29. exf7+ Kxf7 30. Qxd6 Qxb3 31. Nc5 Qb6 32. Qd5+ Kg7 33. Kh1 Re8 34. Rb1 Ne7 35. Ne6+ Kg6 36. Rxb6 Nxd5 37. exd5 Ra7 38. Nf4+ Kf7 39. Rxe8 Kxe8 40. d6 a5 41. Nd5 Kf7 42. Rc6 Rd7 43. Nb6 Rd8 44. Rc7+ Ke8 45. d7+ Ke7 46. Ra7 Rb8 47. Nc8+ Kd8 48. h3 a4 49. Nd6 Ke7 50. Nf5+ Kd8 51. Nd4 Rb1+ 52. Kh2 Ra1 53. Nc6# 1-0

[Event "Mecklenburg VP U14"]
[Site "Malchow"]
[Date "2016.02.02"]
[Round "1.7"]
[White "Eulitz, Charlotte"]
[Black "Kunz, Nelli"]
[Result "1-0"]
[WhiteElo "1457"]
[BlackElo "971"]
[PlyCount "87"]
[EventDate "2016.02.02"]
[EventType "swiss"]
[EventRounds "7"]
[EventCountry "GER"]
[SourceTitle "EXT 2024"]
[Source "ChessBase"]
[SourceDate "2023.10.10"]
[SourceVersion "1"]
[SourceVersionDate "2023.10.10"]
[SourceQuality "1"]

1. e4 c5 2. Nf3 d6 3. d4 cxd4 4. Nxd4 Nf6 5. Nc3 g6 6. Be3 Nc6 7. f3 Bg7 8. Qd2 e5 9. Nxc6 bxc6 10. Rd1 Bf8 11. Bc5 Be7 12. Bxd6 Bxd6 13. Qxd6 Qxd6 14. Rxd6 Ke7 15. Rxc6 Bb7 16. Rc7+ Nd7 17. Rxb7 Kd6 18. Bc4 f6 19. 0-0 Kc5 20. Bb3 Nb6 21. Nd5 Nxd5 22. Bxd5 Kd4 23. Rd1+ Ke3 24. Rb3+ Kf4 25. Bxa8 Rxa8 26. Rd7 h5 27. g3+ Kg5 28. h4+ Kh6 29. Rbb7 Rh8 30. Rxa7 g5 31. hxg5+ Kxg5 32. Rh7 Rg8 33. Rag7+ Rxg7 34. Rxg7+ Kh6 35. Rd7 Kg5 36. a4 h4 37. gxh4+ Kxh4 38. Rg7 Kh5 39. a5 Kh6 40. Rg2 Kh5 41. a6 Kh4 42. a7 Kh3 43. a8Q Kh4 44. Qh8# 1-0

[Event "Mecklenburg VP U14"]
[Site "Malchow"]
[Date "2016.02.02"]
[Round "7.1"]
[White "Lange, Jannis"]
[Black "Eulitz, Charlotte"]
[Result "1/2-1/2"]
[WhiteElo "1738"]
[BlackElo "1457"]
[PlyCount "30"]
[EventDate "2016.02.02"]
[EventType "swiss"]
[EventRounds "7"]
[EventCountry "GER"]
[SourceTitle "EXT 2024"]
[Source "ChessBase"]
[SourceDate "2023.10.10"]
[SourceVersion "1"]
[SourceVersionDate "2023.10.10"]
[SourceQuality "1"]

1. e4 e5 2. Nf3 Nc6 3. Bc4 Bc5 4. c3 Nf6 5. d4 exd4 6. cxd4 Bb4+ 7. Nc3 Nxe4 8. 0-0 Bxc3 9. d5 Bf6 10. Re1 Ne7 11. Rxe4 d6 12. Bg5 Bxg5 13. Nxg5 0-0 14. Nxh7 Bf5 15. Rh4 Ng6 1/2-1/2

[Event "GER-chT U20 Girls"]
[Site "Osnabrueck"]
[Date "2015.12.29"]
[Round "5.4"]
[White "Eulitz, Charlotte"]
[Black "Alcer, Johanna"]
[Result "1-0"]
[WhiteElo "1341"]
[BlackElo "1187"]
[PlyCount "95"]
[EventDate "2015.12.27"]
[EventType "team-swiss"]
[EventRounds "7"]
[EventCountry "GER"]
[SourceTitle "EXT 2017"]
[Source "ChessBase"]
[SourceDate "2016.10.25"]
[SourceVersion "1"]
[SourceVersionDate "2016.10.25"]
[SourceQuality "1"]
[WhiteTeam "Guestrow/Teterow"]
[BlackTeam "Weissensee Chemie U20 Girls"]
[WhiteTeamCountry "GER"]
[BlackTeamCountry "GER"]

1. e4 e5 2. Nf3 Nf6 3. Bc4 Bc5 4. c3 Nc6 5. d4 exd4 6. e5 d5 7. Bb5 Nd7 8. cxd4 Bb4+ 9. Bd2 a6 10. Bd3 0-0 11. 0-0 Re8 12. Bf4 Nf8 13. Nc3 Bg4 14. Be2 Ne6 15. Be3 Ne7 16. Qb3 Ba5 17. Rad1 c6 18. Rd2 Bb6 19. Ng5 Bxe2 20. Nxe6 fxe6 21. Nxe2 Nf5 22. f4 Rc8 23. Kh1 Ba7 24. Rc1 Qe7 25. Bf2 Rf8 26. Ng3 g6 27. Rc3 b5 28. a3 g5 29. Nxf5 Rxf5 30. fxg5 Rxg5 31. Rg3 Rxg3 32. Qxg3+ Qg7 33. Qh3 Qf7 34. Qg3+ Qg7 35. Qh3 Qf7 36. b4 Bb6 37. Qg4+ Qg7 38. Qxg7+ Kxg7 39. Rd3 Kg8 40. g4 Rf8 41. Kg2 h6 42. Kg3 Rf4 43. h3 Kg7 44. g5 Kg6 45. Rf3 Rxf3+ 46. Kxf3 hxg5 47. Be3 Kh6 48. Kg4 1-0

[Event "Mecklenburg VP-ch U12 Girls"]
[Site "Malchow"]
[Date "2015.02.03"]
[Round "?"]
[White "Eulitz, Charlotte"]
[Black "Trams, Emma Joe"]
[Result "1-0"]
[WhiteElo "1482"]
[BlackElo "893"]
[PlyCount "75"]
[EventDate "2015.01.31"]
[EventType "tourn"]
[EventRounds "7"]
[EventCountry "GER"]
[SourceTitle "EXT 2022"]
[Source "ChessBase"]
[SourceDate "2021.10.06"]
[SourceVersion "1"]
[SourceVersionDate "2021.10.06"]
[SourceQuality "1"]

1. e4 e5 2. Nf3 Nc6 3. Bc4 Nf6 4. Ng5 d5 5. exd5 Na5 6. Bb5+ Bd7 7. Bxd7+ Qxd7 8. 0-0 Nxd5 9. d4 Bd6 10. dxe5 Bxe5 11. Re1 Nc6 12. Nf3 Nf6 13. Qe2 Qe6 14. Nxe5 Nxe5 15. Qxe5 0-0-0 16. Qxe6+ fxe6 17. Nc3 Rhe8 18. Bg5 h6 19. Bxf6 gxf6 20. Rad1 Rxd1 21. Rxd1 e5 22. Kf1 Rg8 23. Nd5 Rf8 24. Ne7+ Kb8 25. Nf5 Rh8 26. Nxh6 a6 27. Nf5 Rxh2 28. Rd8+ Ka7 29. Rf8 Rh1+ 30. Ke2 Ra1 31. a3 Ra2 32. Rxf6 Rxb2 33. Kd2 Rb5 34. Re6 Rd5+ 35. Kc1 c6 36. Ne3 Ra5 37. Kb1 Kb6 38. Nc4+ 1-0

[Event "GER-chT U14 Girls"]
[Site "Regensburg"]
[Date "2014.12.29"]
[Round "5.2"]
[White "Eulitz, Charlotte"]
[Black "Kobald, Jacqueline"]
[Result "1/2-1/2"]
[WhiteElo "1331"]
[BlackElo "1207"]
[PlyCount "56"]
[EventDate "2014.12.27"]
[EventType "team-swiss"]
[EventRounds "7"]
[EventCountry "GER"]
[SourceTitle "EXT 2016"]
[Source "ChessBase"]
[SourceDate "2015.10.08"]
[SourceVersion "1"]
[SourceVersionDate "2015.10.08"]
[SourceQuality "1"]
[WhiteTeam "Guestrow/Teterow"]
[BlackTeam "Stuttgart Wolfbusch"]
[WhiteTeamCountry "GER"]
[BlackTeamCountry "GER"]

1. e4 c5 2. Nf3 Nc6 3. d4 cxd4 4. Nxd4 g6 5. Nc3 Bg7 6. Be3 Nf6 7. Bc4 Qa5 8. f3 Qb4 9. Bb3 Nxe4 10. Nxc6 Bxc3+ 11. bxc3 Qxc3+ 12. Ke2 dxc6 13. Bd4 e5 14. Qd3 Qxd3+ 15. cxd3 Ng3+ 16. hxg3 exd4 17. Rhe1 Be6 18. Kd2 Kd7 19. Bxe6+ fxe6 20. Rab1 b5 21. Rb4 c5 22. Rxb5 Kd6 23. Rc1 Rac8 24. Rb7 a6 25. Rc4 Rb8 26. Ra7 Ra8 27. Rb7 h5 28. Rb6+ Kd5 1/2-1/2

[Event "GER-chT Lands U20"]
[Site "Hannover"]
[Date "2014.10.06"]
[Round "6.8"]
[White "Michna, Masza"]
[Black "Eulitz, Charlotte"]
[Result "0-1"]
[WhiteElo "1347"]
[BlackElo "1469"]
[PlyCount "28"]
[EventDate "2014.10.03"]
[EventType "team-swiss"]
[EventRounds "7"]
[EventCountry "GER"]
[SourceTitle "CBM 162 Extra"]
[Source "ChessBase"]
[SourceDate "2014.10.17"]
[SourceVersion "1"]
[SourceVersionDate "2014.10.17"]
[SourceQuality "1"]
[WhiteTeam "Hamburg"]
[BlackTeam "Mecklenburg Vorpommern"]
[WhiteTeamCountry "GER"]
[BlackTeamCountry "GER"]

1. e4 e5 2. d4 exd4 3. Qxd4 Nc6 4. Qe3 d6 5. Nc3 Nf6 6. Bd2 Be7 7. 0-0-0 Be6 8. f4 d5 9. exd5 Nxd5 10. Nxd5 Qxd5 11. b3 0-0-0 12. Nf3 Qf5 13. Bd3 Qf6 14. Bb5 Qa1# 0-1